00751nam a2200193 i 450000100060000000300090000600500170001500700030003200800410003510000330007624501320010926000550024130000300029660000270032670000390035385200220039299900170041495201260043194419ES-MaACL20250820051414.0t|050429s1961 sp ||||1| spa d1 aLorenzetti, Casimiro.97413610aCómo vivió María, la madre de Jesús / cP. Casimiro Lorenzetti C. P. ; traducción del P. Agustín López de Lama C. aBelorado (Burgos) : bHijas de la Iglesia, c1961. a205 p. : bil. ; c18 cm.04aVirgen María91154361 aLópez de Lama, Agustín.973561 aES-MaACLjC-21753 c94419d94419 00104070aATENEOMbATENEOMcGaleríad2008-01-17eSCl0oC-21753p1098612r2023-02-23 00:00:00w2023-02-23yMONOGRAFIA